header

Understanding modernisation in criminal justice (Record no. 39121)

MARC details
000 -LEADER
fixed length control field 01603nam a2200385Ia 4500
100 1# - MAIN ENTRY--AUTHOR NAME
Personal name Senior, Paul.
245 10 - TITLE STATEMENT
Title Understanding modernisation in criminal justice
260 ## - PUBLICATION, DISTRIBUTION, ETC. (IMPRINT)
Place of publication Maidenhead, England ;
-- New York :
Name of publisher McGraw Hill/Open University Press,
Year of publication 2007.
300 ## - PHYSICAL DESCRIPTION
Number of Pages xii, 268 p.
490 1# - SERIES STATEMENT
Series statement Crime and justice
650 #0 - SUBJECT ADDED ENTRY--TOPICAL TERM
Topical Term Criminal justice, Administration of
Topical Term Criminal justice, Administration of
Topical Term Criminal justice, Administration of
Topical Term Criminal justice, Administration of
700 1# - ADDED ENTRY--PERSONAL NAME
Personal name Crowther-Dowey, Chris.
Personal name Long, Matt.
856 40 - ELECTRONIC LOCATION AND ACCESS
Uniform Resource Identifier http://site.ebrary.com/lib/rucke/Doc?id=10229831

No items available.

© 2026 Rongo University
Contact us: librarian | system librarian | Rongo university